|
|
|
|
| LEADER |
03047nam a2200781 i 4500 |
| 001 |
nkc20243592095 |
| 003 |
CZ PrNK |
| 005 |
20250604164331.0 |
| 007 |
ta |
| 008 |
240301s2024 xr acfhg 000 fbcze |
| 015 |
|
|
|a cnb003592095
|
| 020 |
|
|
|a 978-80-242-9853-5
|q (vázáno)
|
| 035 |
|
|
|a (OCoLC)1477944309
|
| 040 |
|
|
|a BOA001
|b cze
|d ABA001
|e rda
|
| 041 |
1 |
|
|a cze
|k eng
|h dut
|
| 043 |
|
|
|a e-ne---
|a e-gx---
|
| 045 |
|
|
|a x3x5
|
| 072 |
|
7 |
|a 821.11
|x Germánské literatury
|2 Konspekt
|9 25
|
| 072 |
|
7 |
|a 929
|x Biografie
|2 Konspekt
|9 8
|
| 080 |
|
|
|a 821.112.5-31
|2 MRF
|
| 080 |
|
|
|a (=1:492)
|2 MRF
|
| 080 |
|
|
|a 929
|2 MRF
|
| 080 |
|
|
|a 323.28:329.19
|2 MRF
|
| 080 |
|
|
|a 343.819.5
|2 MRF
|
| 080 |
|
|
|a 94(100)"1939/1945"
|2 MRF
|
| 080 |
|
|
|a (430)
|2 MRF
|
| 080 |
|
|
|a (492)
|2 MRF
|
| 080 |
|
|
|a (0:82-312.6)
|2 MRF
|
| 080 |
|
|
|a (0:82-311.6)
|2 MRF
|
| 100 |
1 |
|
|a Krake, Frank,
|d 1968-
|7 mzk20241240859
|4 aut
|
| 240 |
1 |
0 |
|a Laatste getuige.
|l Česky
|
| 245 |
1 |
0 |
|a Poslední svědek :
|b příběh muže, který přežil tři koncentrační tábory a na konci války unikl z hořícího pekla lodě Cap Arcona /
|c Frank Krake ; z anglického originálu The last survivor ... přeložil Lubomír Košnar
|
| 250 |
|
|
|a Vydání první
|
| 264 |
|
1 |
|a Praha :
|b Euromedia Group,
|c 2024
|
| 300 |
|
|
|a 299 stran, 16 nečíslovaných stran obrazových příloh :
|b ilustrace, portréty, faksimile ;
|c 21 cm
|
| 336 |
|
|
|a text
|b txt
|2 rdacontent
|
| 337 |
|
|
|a bez média
|b n
|2 rdamedia
|
| 338 |
|
|
|a svazek
|b nc
|2 rdacarrier
|
| 500 |
|
|
|a Přeloženo z anglického překladu nizozemského originálu
|
| 500 |
|
|
|a Na obálce uvedeno nakladatelství: Brána
|
| 504 |
|
|
|a Obsahuje bibliografii
|
| 600 |
1 |
7 |
|a Alosery, Wim,
|d 1923-2018
|7 mzk20241241023
|2 czenas
|
| 648 |
|
7 |
|a 20. století
|7 ch460558
|2 czenas
|
| 648 |
|
7 |
|a 1939-1945
|7 ch460653
|2 czenas
|
| 648 |
|
4 |
|a 1932-1959
|
| 650 |
0 |
7 |
|a Nizozemci
|7 ph117921
|y 20. století
|2 czenas
|
| 650 |
0 |
7 |
|a nacistická perzekuce
|7 ph761285
|z Nizozemsko
|y 1939-1945
|2 czenas
|
| 650 |
0 |
7 |
|a koncentrační tábory
|7 ph121782
|z Německo
|y 1939-1945
|2 czenas
|
| 650 |
0 |
7 |
|a druhá světová válka (1939-1945)
|7 ph117270
|2 czenas
|
| 650 |
0 |
9 |
|a Netherlanders
|z Germany
|y 1939-1945
|2 eczenas
|
| 650 |
0 |
9 |
|a Nazi persecution
|z Netherlands
|2 eczenas
|
| 650 |
0 |
9 |
|a concentration camps
|z Germany
|y 1939-1945
|2 eczenas
|
| 650 |
0 |
9 |
|a World War (1939-1945)
|2 eczenas
|
| 655 |
|
7 |
|a nizozemské romány
|7 fd132907
|2 czenas
|
| 655 |
|
7 |
|a biografické romány
|7 fd131905
|2 czenas
|
| 655 |
|
7 |
|a válečné romány
|7 fd133831
|2 czenas
|
| 655 |
|
9 |
|a Dutch fiction
|2 eczenas
|
| 655 |
|
9 |
|a biographical novels
|2 eczenas
|
| 655 |
|
9 |
|a war novels
|2 eczenas
|
| 700 |
1 |
|
|a Košnar, Lubomír,
|d 1944-
|7 jk01062051
|4 trl
|
| 765 |
0 |
8 |
|i Název anglického překladu:
|t Last survivor
|9 Česky
|
| 910 |
2 |
|
|a BOA001
|b 2-1529.991
|
| 928 |
9 |
|
|a Euromedia Group - Brána
|
| 928 |
9 |
|
|a Brána
|
| 990 |
|
|
|a BK
|
| 995 |
|
|
|a 01
|
| 991 |
|
|
|b 202410
|c NOV
|
| 996 |
6 |
|
|b 2610982592
|c 2-1529.991
|l MZK
|r Sklad / do 1 hodiny
|n 1
|p p.v.
|w 001980438
|u 000010
|a 1
|e BOA001
|j MZK50
|s P
|